Normal view
MARC view
- Environmental science and pollution control series ;
Entry Uniform Title
001 - CONTROL NUMBER
- control field: 6892
003 - CONTROL NUMBER IDENTIFIER
- control field: NUST
005 - DATE AND TIME OF LATEST TRANSACTION
- control field: 20171204095051.0
008 - FIXED-LENGTH DATA ELEMENTS
- fixed length control field: 171204|| aca||aabn | a|a d
040 ## - CATALOGING SOURCE
- Original cataloging agency: NUST
- Transcribing agency: NUST
130 ## - HEADING--UNIFORM TITLE
- Uniform title: Environmental science and pollution control series ;
- Form subdivision: 23
670 ## - SOURCE DATA FOUND
- Source citation: Work cat.: (NUST)0: Remediation engineering of contaminated soils /, c2000.
